000 00500nam a2200217Ia 4500
003 OST
005 20240606080830.0
008 150730s9999 xx 000 0 und d
020 _a0713135336
040 _cMRUC
050 _aQA76.73.B3M65 1985
100 _aMonro M. Donald
245 _aBasic
250 _a2
264 _aLondon
264 _bEdward Arnord
264 _c1985
650 _aBASIC (Computer program language)
942 _2lcc
_cBK
999 _c1111
_d1111